Volver a Yvetot.

Gardado en:
Detalles Bibliográficos
Autor Principal: Ernaux, Annie, 1940- (autora)
Outros autores: Pauls, Alan (traducción y prólogo)
Formato: Unknown
Idioma:inglés
Publicado: Santiago, Chile: Ediciones Universidad Diego Portales, 2023.
Edición:1a. edición.
Series:Colección Vidas Ajenas
Subjects:
Tags: Engadir etiqueta
Sen Etiquetas, Sexa o primeiro en etiquetar este rexistro!

MARC

LEADER 00000 a2200000 4500
003 CL-VaPUC
005 20240514135944.0
008 230529t2023 ||||| |||| 00| 0 eng d
999 |c 440764  |d 440762 
020 |a 978-956-314-543-4 
040 |c Pontificia Universidad Católica de Valparaíso 
082 |2 22  |a 843 ERN 2023 
100 |9 882110  |a Ernaux, Annie,   |d 1940-  |e autora 
245 |a Volver a Yvetot. 
250 |a 1a. edición. 
260 |a Santiago, Chile:  |b Ediciones Universidad Diego Portales,   |c 2023. 
300 |a 123 páginas. 
490 |a Colección Vidas Ajenas 
583 |k Catalogador Asistente  |c 20230529 
650 0 |9 266330  |a Literatura francesa  |v Autobiografías  |x Inicios en la escritura   |y Siglo 20  |z Yvetot, Normandía, Francia 
650 0 |a Novela francesa  |v Autobiografías  |y Siglo 20  |9 264985 
700 |9 882636  |a Pauls, Alan  |e traducción y prólogo 
942 |2 ddc  |c BK 
952 |0 0  |1 0  |2 ddc  |4 0  |6 843_000000000000000_ERN_2023  |7 0  |8 A  |9 590203  |a BIBART  |b BIBART  |c GEN  |d 2023-05-25  |e 181  |g 14000.00  |i 5657548  |o 843 ERN 2023  |p 5657548  |r 2025-03-13  |t 1  |v 14000.00  |w 2023-05-25  |y BK  |k ART